Suomen yleisimmät tiennimet - Statistics

Yleistilastot
  • Tätä visaa on pelattu 209 kertaa
  • Keskiarvotulos 8 / 30
Vastaustilastot
Sija Vastaus Määrä % Oikein
2 {Kirkko}tie 200
72%
7 {Koivu}kuja 158
71%
17 {Koivu}tie 130
71%
1 {Ranta}tie 227
71%
9 {Kuusi}tie 150
69%
8 {Mänty}tie 152
64%
3 {Koulu}tie 177
61%
12 {Mäki}tie 144
50%
13 {Pelto}tie 137
37%
10 {Väli}tie 148
22%
6 {Rinne}tie 158
19%
4 {Teollisuus}tie 161
19%
18 {Vanha}tie 128
16%
5 {Mylly}tie 161
13%
16 {Niemen}tie 133
13%
29 {Opin}tie 105
13%
20 {Riihi}tie 124
12%
22 {Pappilan}tie 119
11%
25 {Sepän}tie 114
10%
23 {Heikkilän}tie 119
9%
30 {Kangas}tie 105
9%
15 {Mäkelän}tie 134
9%
26 {Jokelan}tie 111
7%
21 {Koivulan}tie 120
7%
28 {Kuuselan}tie 106
7%
19 {Paja}tie 127
7%
27 {Peltolan}tie 110
7%
24 {Aholan}tie 117
6%
14 {Niemelän}tie 136
6%
11 {Rantalan}tie 145
5%
Ehtoja vastaavia visoja ei löytynyt
Tulosjakauma
Jokaisen tuloksen saaneiden osuus
Persentiili vastausten määrän mukaan
Tuloshistoriasi
Et ole pelannut tätä visaa